000
00230nam a2200097Ia 4500
008
210430s9999 xx 000 0 und d
082
_a
546 Y671 T
100
_a
M.Younas
245
_a
Organic Chemistry
_c
M.Younas
942
_c
BK
_2
ddc
999
_c
562178
_d
562178